Statistics for The William McKinley Presidency

Click here to take the quiz!

General Stats

  • This quiz has been taken 68 times
  • The average score is 11 of 22

Answer Stats

HintAnswer% Correct
His political partyRepublican
93%
War won in 1898Spanish–American War
88%
His second term VP who became
President after he died
Theodore Roosevelt
81%
Pacific republic annexed in 1900Hawaii
81%
Temporary possession,1898-1902Cuba
77%
Purchased territoriesPhilippines
77%
Purchased territoriesPuerto Rico
70%
Mountain that was formerly called
"Mount McKinley"
Denali
60%
Was the Governor of this state
between 1892–1896
Ohio
60%
Purchased territoriesGuam
60%
His face appeared on this
discontinued bill
{500} dollar bill
53%
His two-times Election opponentWilliam Jennings Bryan
53%
City where he was assassinatedBuffalo
49%
Ended this long-deep
1893 economic depression
{Panic} of 1893
37%
Dingley Act raised thisTariff
30%
First Lady{Ida} McKinley
28%
He fought in this warAmerican Civil War
25%
His first term vice presidentGarret Hobart
23%
His assassinLeon Czolgosz
23%
Protestant Church he belonged toMethodist Episcopal
21%
Beginning of this conceptAmerican {Imperialism}
18%
Was the chair of this committee
between 1889–1891
Committee on
{Ways} {and} {Means}
5%

Score Distribution

Percentile by Number Answered

Percent of People with Each Score

Your Score History

You have not taken this quiz